| 000 | 01048nam a2200229Ii 4500 | ||
|---|---|---|---|
| 003 | JO-AjNU | ||
| 008 | 230605s9999||||xx |||||||||||||| ||und|| | ||
| 017 | _a7430 | ||
| 020 | _a977-358-090-3 | ||
| 040 |
_aJO-AjNU _bara _erda _cJO-AjNU |
||
| 041 | _aara | ||
| 050 | 1 | 4 | _aK5223.M86.2005 |
| 100 | 3 |
_a محمد، بودالى , _eauthor _935785 |
|
| 245 | 0 | 0 | _aشرح جرائم الغش في بيع السلع والتدليس فى المواد الغذائية والطبية " دراسة مقارنة " |
| 250 | _aط1 | ||
| 264 | 3 | 1 | _aالقاهرة : دار الفجر ، 2005 |
| 300 |
_a111ص _bيشتمل على قائمة بالمراجع ص(104-106) |
||
| 336 |
_atext _btxt _2rdacontent |
||
| 337 |
_aunmediated _bn _2rdamedia |
||
| 338 |
_avolume _bnc _2rdacarrier |
||
| 650 | 4 |
_aالغش والتدليس -- قوانين وتشريعات -- الجزائر -- الصناعات الغذائية -- قوانين وتشريعات -- الجزائر -- المواد الطبية -- قوانين وتشريعات -- الجزائر _935786 |
|
| 999 |
_aA14807 _c18375 _d18375 |
||